000 02404nam a2200217 a 4500
001 000037609
005 20200930080450.0
008 121002s1907 sp 001 0 spa d
040 _aDO-SdBNP
_bspa
_cBNPHU
082 _aR 036.1
_bE56
245 0 0 _aEnciclopedia vniversal ilvstrada evropeo americana :
_betimologias, sánscrito, hebreo, griego, latín, arabe, lenguas indígenas americanas, etc., versiones de la mayoría de las voces en francés, italiano, inglés, alemán, portugués, catalán, esperanto.
246 1 4 _aEnciclopedia universal ilustrada europeo-americana
260 _aMadrid :
_bEspasa Calpe,
_c[1907?].
300 _av. :
_bil., mapas, mús., planos, retrs.
505 2 _gv.1A-acd. --
_gv. 2 Ace-adz. --
_gv. 3Ae-alak. --
_gv. 4 Alal-ally. --
_gv. 5 Am-arch. --
_gv. 6 Ard-azz. --
_gv. 7 B-bell. --
_gv. 8 Bem-bonf. --
_gv. 9 Bong-bz. --
_gv. 10 C-canaj. -
_gv. 11 Canal-carz. --
_gv.12 Cas-cg. --
_gv.13 Ci-cold. --
_gv.14 Cole-const. --
_gv.15 Const-craz. --
_gv.16 Cre-charg. --
_gv.17 Chari-Dellw. --
_gv.18 primera parte Dem-dir .--
_gv.19 segunda parte Dis-Ecz. --
_gv.20 Enri- espan. --
_gv.21 España--
_gv. 22 España-ezz. --
_gv. 23 F-flamez. --
_gv. 24 Flami-fuh. --
_gv. 25 Fui-gibz. --
_gv. 26 Gic-guaz. --
_gv. 27 Gub-hn. --
_gv. 28 primera parte Ho-insus. --
_gv..28 segunda parte Int-kz.
_gv .29 L-león. --
_gv. 30 Leona-lomz. --
_gv. 31 Lon-madz. --
_gv. 32 Mae-march. --
_gv. 33 Mari-mech. --
_gv. 34 Med.micz. --
_gv. 35 Mich-momz. --
_gv. 36 Mon-mtz. --
_gv. 37 Mu-neby. --
_gv. 38 Nec-nully.
_gv. 39 Num-oqu. --
_gv. 40 Or-paku.--
_gv. 41 Pal-pardz--
_gv. 42 Pare-perkz. --
_gv. 43 Pel- pesz. --
_gv. 44 Pet-pirz. --
_gv. 45 Pis-poln. --
_gv. 46 Polo-predz. --
_gv. 47 Pree-ptz. --
_gv. 48 Pu-qw. --
_gv. 49 R-reez.--
_gv. 50 Ref- reuz.--
_gv. 51 Rev-rom.--
_gv. 52 Roma-Saint.--
_gv. 53 Sainte-Sta cruz.--
_gv. 54 Sta cubicia-Selh.--
_gv. 55 Seli-siez.
_gv. 56 Sif-sol. --
_gv. 57 Sola-subn. --
_gv. 58 Subo-talasz. --
_gv. 59 Talat- teld. --
_gv. 60 Telé-terz. --
_gv. 61 Tes-tirn. --
_gv. 62 Tiro-toum. --
_gv. 63 Toun-Traz. --
_gv. 64 Tre-tumz. --
_gv. 65 Tun-urz. --
_gv. 66 U.S.-Varez. --
_gv. 67 Varf-verg. --
_gv. 68 Verr-Vinie
_gv. 69 Vinif-wef. --
_gv. 70 Weg-zz. Apend
500 _aIncluye índice de volumen
500 _aIncluye actualización de anexos y suplementos
651 4 _aEnciclopedias Y Diccionarios Españoles
_964080
710 2 _aEspasa-Calpe
_964081
910 _aValidado. Control de calidad MFF
999 _c37099
_d37099